000
00251nam a22001217a 4500
020
_a
8120313607
082
_a
005.2
100
_a
Gregory v. wilson
245
_a
PRACTICAL PARALLEL PROGRAMMING
260
_a
INDIA
_b
PHI
_c
1995
300
_a
564
942
_c
BK
999
_c
23190
_d
23190